El consejo psicológico en los momentos cruciales de la vida
Salvato in:
| Autore principale: | |
|---|---|
| Natura: | Libro |
| Lingua: | spagnolo |
| Pubblicazione: |
Barcelona
Luis Miracle
1957
|
| Edizione: | 3a. ed |
| Serie: | Biblioteca de antropología
|
| Soggetti: | |
| Tags: |
Aggiungi Tag
Nessun Tag, puoi essere il primo ad aggiungerne!!
|
MARC
| LEADER | 00000nam a2200000 a 4500 | ||
|---|---|---|---|
| 001 | UCY6090 | ||
| 003 | CL-VaPUC | ||
| 008 | 950521e19570700SP |||||||||||||||||spa|d | ||
| 082 | 0 | 4 | |a 158.3 |b KUN |2 21 |
| 100 | |a Künkel, Fritz |e author |9 336410 | ||
| 245 | 1 | 3 | |a El consejo psicológico en los momentos cruciales de la vida |
| 250 | |a 3a. ed | ||
| 300 | |a 395 p | ||
| 942 | |c BK | ||
| 945 | |d 19950521 00:00:00 |a mfernand | ||
| 260 | |a Barcelona |b Luis Miracle |c 1957 | ||
| 650 | 0 | |a Psicología aplicada |9 270762 | |
| 650 | 7 | |a PSICOSOMATICA |2 CL-VaPUC |9 335735 | |
| 650 | 7 | |a PSICOTERAPIA |2 CL-VaPUC |9 335736 | |
| 650 | 0 | |a Psiquiatría |9 308427 | |
| 650 | 0 | |a Ego |9 310449 | |
| 650 | 7 | |a EGOCENTRISMO |2 CL-VaPUC |9 334698 | |
| 650 | 7 | |a PSICOLOGOS |2 CL-VaPUC |9 334949 | |
| 650 | 0 | |a Psicología individual |9 309049 | |
| 650 | 7 | |a CONSEJERIA |2 CL-VaPUC |9 335737 | |
| 583 | |a last modification |c 19950521 00:00:00 |k Rodrigo Vera | ||
| 490 | 0 | |a Biblioteca de antropología | |
| 999 | |c 233673 |d 233671 | ||
| 952 | |0 0 |1 0 |4 0 |6 158_300000000000000_KUN_1957 |7 0 |8 P |9 239351 |a BIBEDU |b BIBEDU |c BIBEDU_PB |d 2019-11-18 |i 1508024 |o 158.3 KUN 1957 |p 1508024 |r 2024-01-25 |w 2019-11-18 |y BK |k EDU | ||